000 00488nam a22001937a 4500
003 MPLRDC
005 20220104142549.0
008 210129b ||||| |||| 00| 0 eng d
020 _a957-593-485-7
082 _a889 WYZ v.42
100 _aDANIELLE STEEL
245 _a随爱而逝
_c孙玟译
250 _a初版
260 _a
_b林白出版社有限公司
_c1993
300 _b
490 _a午夜场. 42
650 _a西洋小说之中文翻译
942 _cBK
_o889 WYZ v.42
999 _c31908
_d31898